Closest Train Stations to Sydney - Statistics

General Stats
  • This quiz has been taken 36 times
  • The average score is 6 of 15
Answer Stats
Distance Answer % Correct
2.40 km Cowan
86%
9.59 km Hawkesbury River
82%
8.70 km Helensburgh
68%
3.99 km Waterfall
55%
10.30 km Woy Woy
50%
4.18 km Menangle
41%
2.56 km Menangle Park
41%
9.11 km Douglas Park
36%
25.3 m Edmondson Park
14%
6.28 km Hazelbrook
14%
8.45 km Lawson
14%
421.4 m Leppington
14%
1.48 km Linden
14%
4.43 km Woodford
14%
9.91 km Bullaburra
9%
No matching quizzes found
Score Distribution
Percent of People with Each Score
Percentile by Number Answered
Your Score History
You have not taken this quiz